| 000 | 00577nam a2200193Ia 4500 | ||
|---|---|---|---|
| 003 | 0100 | ||
| 008 | 130307s9999 xx 000 0 und d | ||
| 020 | _a0940866587 0940866595 (pbk.) | ||
| 040 | _cARRUPELIB | ||
| 050 | _aBR205 .E55 1996 | ||
| 100 | _aElliott, T. G. (Thomas George), 1938- | ||
| 245 | 4 | _aThe Christianity of Constantine the Great | |
| 260 | _aScranton, PA : ; Bronx, NY : | ||
| 260 | _bUniversity of Scranton Press Marketing and Distribution, Fordham University Press | ||
| 260 | _cc1996. | ||
| 300 | _ax | ||
| 300 | _b366 p. 23 cm. | ||
| 942 | 0 | 0 | _01 |
| 999 |
_c93116 _d93116 |
||